00885nam a2200265 a 450000100100000000500170001000800410002702000150006804000250008308200150010810000270012324500860015026000270023630000210026349000170028450000380030150000360033953400380037570000260041383000240043983400170046304900090048095201130048999900170060200002324620200930022103.0101130s1989 sp r 000 | spa d a8471666456 aDO-SdBNPbspacBNPHU axxxbC415n1 aCerminara, Gina94787710aNuevos descubrimientos sobre la reencarnación /cGina Cerminara ; tr. A. Dupuy. aMadrid :bEDAF,c1989. a196 p. ;c21 cm. aNuevos Temas aIncluye notas al pie de páginas aIncluye lista de la colección aTítulo original :tWorld within1 aDupuy, A.etr.947878 0aNuevos Temas947879 aWorld within aBNGR 001050718MOaGRbGRcCTd2010-11-30iLF1l0oxxx C415np23246-10r2020-06-25w2020-06-25y1ZNo se presta c22743d22743